VIII Censo de población y IV de vivienda : población características educativas
| Main Author: | |
|---|---|
| Format: | Section = Libro |
| Language: | Undetermined Spanish |
| Published: |
Managua
INEC
2007
|
| Subjects: |
| LEADER | 00673nam a2200205Ia 4500 | ||
|---|---|---|---|
| 008 | 240829s9999 xx 000 0 und d | ||
| 040 | |a BIBLIOTECA-RUSB/ Ref 312 N583 | ||
| 041 | |a spa | ||
| 082 | |a Ref 312 N583 | ||
| 100 | 1 | |a Nicaragua. Instituto Nacional de Información de Desarrollo | |
| 245 | 1 | 0 | |a VIII Censo de población y IV de vivienda : población características educativas |
| 260 | |a Managua |b INEC |c 2007 | ||
| 300 | |a 206 p. :il. | ||
| 650 | 7 | |a ESTADISTICAS DE POBALCION - VIVIENDA - HOGAR | |
| 650 | 7 | |b CARACTERISTICAS SOCIODEMOGRAFICAS | |
| 650 | 7 | |c ESTIMACIONES DEMOGRAFICAS | |
| 650 | 7 | |d HOGARES VIVIENDA | |
| 942 | |c BK |2 ddc | ||
| 991 | |a TEXTO | ||
| 999 | |c 5711 | ||